00554nam a22001577a 450000500170000001000150001702000270003203500130005903700130007208200110008510000190009624501100011526000430022527001020026830000260037020131011121854.0 aENG-107960 c1525.00a9789350352731 aEN-91493 bDBAD/PUB a341.48 aBhansali, S.R.00aLaw relating to human rights :cby S.R. Bhansalibin international and national laws and Cconstitutions / aDelhibUniversal Law Publishing c2013 aC-FF-1A, Dilkhus Industrial Estate, (Near Azadpur Metro Station) G.T. Karnal Road,bDelhie110033 alxiv,1415p.c26cm(Hb)